000 00452nam a2200181Ia 4500
001 10459
005 20260306161834.0
008 260306t1997||||xx |||||||||||||| ||spa||
041 _aESP
082 _a930
_bC78
100 _aCorcuera de Mancera, Sonia
_eAUT
245 0 _aVoces y silencios en la historia:
_bsiglos XIX Y XX
260 _c1997
300 _a414 páginas :
_c21 cm.
650 _aGEN
654 _aCHU
942 _cLIB
_dJUS
_fJUS
_2ddc
_n
999 _c10459
_d10459